[Event "Novi Sad Serbia op-A"]
[Site "Novi Sad"]
[Date "2022.07.01"]
[Round "4"]
[White "Lu, Miaoyi"]
[Black "Celik, Ege Yigit"]
[Result "1/2-1/2"]
[WhiteElo "2321"]
[BlackElo "2151"]
[PlyCount "103"]
[EventDate "2022.06.28"]
[EventType "swiss"]
[EventRounds "9"]
[EventCountry "SRB"]
[SourceTitle "EXT 2023"]
[Source "ChessBase"]
[SourceDate "2022.10.05"]
[SourceVersion "1"]
[SourceVersionDate "2022.10.05"]
[SourceQuality "1"]

1. e4 c5 2. Nf3 Nc6 3. Bb5 Nf6 4. Bxc6 dxc6 5. d3 Qc7 6. a4 e5 7. Na3 h6 8. Nc4 b5 9. Ne3 Be6 10. Bd2 Be7 11. axb5 cxb5 12. Ba5 Qd6 13. Nh4 g6 14. Qf3 0-0 15. g4 Nxg4 16. Nxg4 Bxh4 17. Nxh6+ Kg7 18. Nf5+ gxf5 19. exf5 Bd5 20. Qg4+ Kf6 21. Qxh4+ Kxf5 22. Rg1 Ke6 23. Qh3+ Ke7 24. Bd2 Be6 25. Qh4+ Kd7 26. Rg7 a6 27. Qg3 Kc6 28. h4 Qd5 29. Qg2 Qxg2 30. Rxg2 Rh8 31. Bg5 a5 32. Kd2 a4 33. Re1 Kd6 34. Rg3 b4 35. Kc1 a3 36. Kb1 axb2 37. Kxb2 Ra2+ 38. Kc1 Rha8 39. Bf6 b3 40. Bxe5+ Kd5 41. cxb3 Rxf2 42. Rge3 Raa2 43. Kb1 Ra3 44. R1e2 Rxb3+ 45. Kc2 Rxe2+ 46. Rxe2 Rb4 47. Bf6 Rf4 48. Bg5 Rf3 49. Re3 Rf2+ 50. Kc3 f6 51. Bh6 Rh2 52. Bg7 1/2-1/2

[Event "Novi Sad Serbia op-A"]
[Site "Novi Sad"]
[Date "2022.06.30"]
[Round "3"]
[White "Celik, Ege Yigit"]
[Black "Utsab, Chatterjee"]
[Result "0-1"]
[WhiteElo "2151"]
[BlackElo "2377"]
[PlyCount "84"]
[EventDate "2022.06.28"]
[EventType "swiss"]
[EventRounds "9"]
[EventCountry "SRB"]
[SourceTitle "EXT 2023"]
[Source "ChessBase"]
[SourceDate "2022.10.05"]
[SourceVersion "1"]
[SourceVersionDate "2022.10.05"]
[SourceQuality "1"]

1. d4 d5 2. Nf3 Nf6 3. Bf4 e6 4. e3 Bd6 5. Ne5 0-0 6. Nd2 Nfd7 7. Bd3 Bxe5 8. dxe5 c5 9. Qh5 g6 10. Qh6 Qe7 11. Nf3 Nc6 12. h4 c4 13. Be2 Qb4+ 14. c3 Qxb2 15. 0-0 f6 16. exf6 Nxf6 17. Rfe1 Qxc3 18. Bd6 Rd8 19. Rac1 Qb2 20. Bc7 Rd7 21. Qf4 Nh5 22. Qh2 Qf6 23. g4 Ng7 24. Bf4 b5 25. h5 gxh5 26. gxh5 Nf5 27. Kh1 Bb7 28. Rg1+ Kf8 29. Ng5 Ke8 30. Nf3 d4 31. e4 d3 32. exf5 dxe2 33. Rg8+ Kf7 34. Rxa8 Rd1+ 35. Kg2 Bxa8 36. fxe6+ Ke8 37. Qg3 Ne5 38. Qg8+ Qf8 39. Qxh7 Bxf3+ 40. Kg3 Qf6 41. Qg8+ Qf8 42. Qg5 e1Q 0-1